| 000 | 00487cam a2200145 4500500 | ||
|---|---|---|---|
| 005 | 20251012023111.0 | ||
| 041 | _afre | ||
| 042 | _adc | ||
| 100 | 1 | 0 |
_aGuillou, Éléonore _eauthor |
| 245 | 0 | 0 | _aNévrose traumatique : du silence clinique au remaniement de la personnalité |
| 260 | _c2005. | ||
| 500 | _a56 | ||
| 786 | 0 | _nPsy Cause | º39 | 1 | 2005-01-01 | p. 11-14 | 1245-2394 | |
| 856 | 4 | 1 | _uhttps://shs.cairn.info/revue-psy-cause-2005-1-page-11?lang=fr&redirect-ssocas=7080 |
| 999 |
_c1541204 _d1541204 |
||